Differential and integral equations : boundary value problems and adjoints /
Guardado en:
| Autor Principal: | |
|---|---|
| Otros Autores: | , |
| Formato: | Libro |
| Idioma: | English |
| Publicado: |
Dordrecht :
D. Reidel,
1979.
|
| Materias: | |
| Etiquetas: |
Agregar Etiqueta
Sin Etiquetas, Sea el primero en etiquetar este registro!
|
| LEADER | 00839pam a2200253 a 4500 | ||
|---|---|---|---|
| 001 | MAT.inmabb002842 | ||
| 008 | 780803s1979####ne#######b####001#0#eng## | ||
| 005 | 20120511162948.0 | ||
| 245 | 1 | 0 | |a Differential and integral equations : |b boundary value problems and adjoints / |c Stefan Schwabik, Milan Tvrdý, Otto Vejvoda. |
| 260 | |a Dordrecht : |b D. Reidel, |c 1979. | ||
| 300 | |a 248 p. ; |c 25 cm. | ||
| 504 | |a Bibliografía: p. 239-246. | ||
| 510 | 4 | |a MR, |c 80h:34003 | |
| 020 | |a 9027708029 | ||
| 100 | 1 | |a Schwabik, Stefan, |d 1941- | |
| 700 | 1 | |a Tvrdy, Milan, |d 1944- | |
| 700 | 1 | |a Vejvoda, Otto. | |
| 650 | 0 | |a Differential equations. | |
| 650 | 0 | |a Integral equations. | |
| 650 | 0 | |a Boundary value problems. | |
| 084 | |a 34-02 (34Bxx 45-02) |2 msc2000 | ||
| 010 | |a 78013194 | ||
| 040 | |a DLC |c DLC |d DLC | ||
| 859 | |h 34 |i Sc398 |p A-5396 |b BIB. MATEMATICA | ||
